[Event "Euwe Intern"]
[Site "?"]
[Date "2002.11.14"]
[Round "11"]
[White "Zult, Daan"]
[Black "Witt, Rob"]
[Result "1-0"]
[WhiteElo "2212"]
[BlackElo "2252"]
[Annotator "Witt,Rob"]
[PlyCount "53"]

{Beide spelers zijn als enigen nog ongeslagen in de interne. Je zou een
spannende partij mogen verwachten. Helaas werd het een anticlimax, vooral voor
mij.} 1. c4 c5 2. g3 g6 3. Bg2 Bg7 4. Nc3 Nc6 5. d3 {Opmerkelijk dat ik deze
stelling voor de tweede keer binnen twee weken op het bord krijg. De laatste
20 jaar was dat niet meer gebeurd.} d6 6. e4 {Deze solide opstelling zie je
nauwelijks meer bij de topspelers, maar op lager niveau is dit systeem zeer
populair. Variantenkennis is niet nodig, het gaat meer om de ideeen.} Nf6 {
Een goede opstelling. Ook e6 en Pge7 wordt veel gespeeld.} 7. Nge2 O-O {
Een zet die je gedachtenloos uitvoert en ook mijn (oude) theorieboeken geven
geen alternatieven. Het was me opgevallen dat de Australische IGM Ian Rogers
dit systeem regelmatig met wit toepast. Ik was benieuwd hoe hij het met zwart
bestrijdt en na enig speurwerk kwam ik een partij van hem tegen met de
volgende opmerkelijke manoeuvre:} (7... Nd7 $5 {In eerste instantie snapte ik
deze zet niet.} 8. O-O Nf8 {Dat is dus de bedoeling! Dit paard gaat naar e6 en
veld d4 is volledig onder controle. Een idee voor een volgende keer.}) 8. O-O
Ne8 ({Een van de beste methodes volgens mijn tegenstander. Er zijn vele
alternatieven. Listig vind ik het inlassen van} 8... Bd7 9. h3 {en dan pas} Ne8
) 9. Be3 Nd4 10. Rb1 a5 {Dit vind ik prettiger dan b4 toelaten wat echter ook
veel gespeeld wordt.} 11. Qd2 Bg4 ({Gebruikelijk blijkt hier} 11... Nc7 {
Met de tekstzet is echter niks mis.}) 12. f3 {Na de partij dachten we dat het
misschien beter is om direct f4 te spelen. Ook dan zie ik echter geen
problemen voor zwart.} Bd7 13. f4 Rb8 14. Kh1 {Daan had achteraf een
plausibele verklaring voor deze mysterieuze zet die ik echter niet meer kan
reproduceren. Beter lijkt me nochtans de suggestie van Peter Doggers:} (14. Bf2
{Hoewel ik na bijv.} Nxe2+ 15. Qxe2 Nc7 {ook niets bijzonders zie voor wit.})
14... e6 ({Ook in aanmerking kwam direct} 14... f5) 15. e5 $2 {Na lang
nadenken kwam Daan met dit pionoffer. Tijdens de partij vond ik het niks en
ook achteraf hebben we geen rechtvaardiging kunnen vinden. Het beste vonden we}
(15. g4 f5 {Dit vonden we vanzelfsprekend maar Fritz is niet bang voor f4-f5
en suggereert allerlei andere zetten, bijv.} (15... Nc7 16. f5 b5 {Misschien
is dit speelbaar, maar eerlijk gezegd heb ik mijn twijfels.}) 16. gxf5 (16.
exf5 gxf5 17. g5 Bc6 {lijkt me niks bijzonders voor wit.}) 16... gxf5 17. Bf2 {
Met deze stelling hebben we ons lang bezig gehouden zonder tot een duidelijk
oordeel te komen.} Nxe2 18. Qxe2 fxe4 19. Nxe4 b5 {ziet er bijv. aardig uit
voor zwart.}) 15... dxe5 16. Ne4 $6 {A tempo gespeeld en dus kennelijk de
bedoeling. Relatief beter was denk ik} (16. fxe5 Bxe5 17. Ne4 Qc7 18. Nxd4 cxd4
19. Bh6 {en wit heeft nog wat vage compensatie voor de pion.}) 16... exf4 17.
Bxf4 e5 {Daan vertelde me achteraf dat hij deze zet hier en ook in andere
varianten totaal had gemist. Hij begon nu een kwartier na te denken en ik
waande het punt al binnen. Dom, dom,dom!} 18. Bg5 f6 19. Nxc5 {Wanhoop, maar
misschien de beste praktische kans.} Nxe2 $4 {Ik zie op mij n
zelfgefabriceerde notatiebiljet dat ik hier 5' gebruikt had. Ik weet niet wat
ik in die 5' gedaan heb, in ieder geval niet nagedacht. Winnend was het voor
de handliggende} (19... fxg5 {Bijv.} 20. Nxd4 exd4 21. Bd5+ Kh8 22. Rxf8+ Bxf8
23. Nxb7 {en nu zijn zo'n beetje alle damezetten goed. Het beste bevalt me} Qb6
({Wij bekeken voornamelijk het eveneens winnende} 23... Qc7 24. Rf1 Bg7 25.
Qxg5 Rxb7 26. Qe7 {Dat leek nog even wat voor wit maar blijkt ook niks na} h5
27. Rf8+ Kh7 $19) 24. Rf1 Nf6 $1 {En wit kan alleen nog proberen te
schwindelen met bijv.} 25. Qxg5 Bf5 26. c5 (26. g4 Nxd5) 26... Bxc5 27. Nxc5
Nxd5 28. g4 Qxc5 29. gxf5 Qc6 $1 30. Kg1 gxf5 $19) 20. Qxe2 {En wit is weer OK
omdat zwart het stuk niet meer kan slaan.} fxg5 $2 {Tsja, als je niet meer
nadenkt....... Daan maakt het overtuigend uit.} 21. Bd5+ Kh8 22. Rxf8+ Bxf8 23.
Nxd7 $18 Bd6 {Opgeven was het beste alternatief.} 24. Nxb8 Qxb8 25. Qf3 b6 26.
Rf1 Qd8 27. Qf7 {En ik feliciteerde mijn tegenstander.} 1-0

[Event "Amstelveen II - Euwe"]
[Site "Amsterdam"]
[Date "2003.04.12"]
[Round "8"]
[White "Van Doeland, Jules"]
[Black "Witt, Rob"]
[Result "1-0"]
[WhiteElo "2230"]
[BlackElo "2256"]
[Annotator "Witt,Rob"]
[PlyCount "57"]

{De 8e ronde KNSB tegen Amstelveen II verliep dramatisch voor ons eerste. We
leken als door een blundervirus besmet en een smadelijke 7,5-2,5 nederlaag was
het resultaat. Ook ik blunderde op het eind de partij weg. Het is al het
vierde halfje dat ik in de knsb wegsmijt. Nu komt de blunder nooit zomaar uit
de lucht vallen. Hij heeft altijd een voorgeschiedenis. In de partij had ik al
diverse zetten gemist. Dat had geen ernstige gevolgen gehad, maar je wordt er
toch onzeker van. Het zal wel komen ondat ik het afgelopen half jaar
nauwelijks geschaakt heb.} 1. c4 c5 2. Nf3 Nf6 3. Nc3 b6 4. e3 {Minder geb
ruike lijk dan 4.g3. Mijn tegenstander had zich op mij voorbereid maar helaas
voor hem met de verkeerde kleur. Hij kon zich nog wel herinneren dat ik in
Lost Boys tegen Timman goed had gespeeld in de Hedgehog. Dat wilde hij met de
tekstzet vermijden.} Bb7 5. d4 cxd4 (5... e6 6. d5 exd5 7. cxd5 {is gunstig
voor wit.}) 6. exd4 e6 7. Bg5 {Hier had ik 7.a3 verwacht met overgang naar het
Dameindisch. De tekstzet is echter ook wel gespeeld, met name door Yusupov.}
Be7 8. Bd3 O-O 9. O-O d5 {Ik heb hier ook nog overwogen om me met d6 op te
stellen, maar de tekstzet leidt tot overzichtelijker spel. Ik had hier al het
gevoel dat de concentratie te wensen overliet.} 10. Qe2 ({Yusupov geeft hier
de voorkeur aan} 10. Bxf6 Bxf6 11. cxd5 exd5 12. Qb3) 10... dxc4 {Er zijn
alternatieve opstellingen met een paard op d7, maar dit in combinatie met mijn
volgende zet lijkt me het beste} 11. Bxc4 Nc6 12. Rad1 {Er is nu een soort
Nimzoindisch ontstaan alleen heeft wit dan al een pion op a3 staan. Toch is
ook deze stelling in een partij van Karpov uit hetNimzoindisc h een keer
voorgekomen. Wit had daar eerst Tc1 en vervolgens Tcd1 gedaan.} Nd5 $6 {
Niet het beste. Uit het voorgaande volgt logischerwijs dat Pb4 het beste moet
zijn en zo speelde Karpov ook:} (12... Nb4 13. Ne5 Nbd5 14. Rd3 {Zo speelde
ook Sawon tegen Tal in het USSR kampioenschap van 1969 dat zo verrassend door
hem gewonnen werd. De stelling geldt echter als bevredigend voor zwart.}) (
12... Na5 {zoals Kortchnoi wel eens gespeeld heeft, is ook beter dan de
tekstzet.}) 13. Bc1 $6 {Zelfs dit is nog bekend, maar veel sterker is} (13.
Bxd5 $5 {Ik had hier totaal niet naar gekeken.} Bxg5 14. Be4 Bf6 15. d5 {
en zwart heeft bepaalde problemen, bijv.} exd5 16. Nxd5 Re8 17. Rfe1 Rc8 18.
Qb5) 13... Nxc3 14. bxc3 Rc8 $2 {Snel en gedachtenloos gespeeld. Veel beter
was Dc7 of Pa5 en zwart staat tenminste gelijk.} 15. d5 $1 {Totaal niet naar
gekeken. Volgens mij heb ik er de hele partij last van gehad dat het karakter
van de stelling volledig veranderd is door het missen van deze zet. De kiem
voor een toekomstige blunder is hier al geboren.} exd5 16. Bxd5 Qc7 17. Qe4 $5
{Ook dit had ik niet zien aankomen. Er dreigt het verschrikkelijke Lf4. Na een
kleine 20' kwam ik met wat mij de enige zet leek} Rce8 ({Tekenend voor mijn
slechte vorm was dat ik het voor de handliggende} 17... Na5 {had verworpen
wegens} 18. Bf4 {met stukwinst. Onzinnig natuurlijk. Ik kan gewoon op d5
ruilen.} Bxd5 19. Rxd5 Qc4 {en er is niet veel aan de hand. Toch is mijn zet
ook niet zo slecht.}) 18. Rfe1 Qc8 19. Qf4 ({Ik had zowaar gezien dat ik op
het vernijnige} 19. Bg5 {niet op g5 moest slaan wegens} Bxg5 $2 (19... Bc5) 20.
Bxf7+ {met direkte winst.}) 19... Na5 ({Dit leek me beter dan} 19... Bf6 20.
Ba3 Rxe1+ 21. Rxe1 Re8 22. Rxe8+ Qxe8 23. Qc7 {en zwart heeft problemen.}) 20.
c4 Bb4 (20... Bxd5 21. cxd5 Nc4 {lijkt ook speelbaar.}) 21. Rxe8 Qxe8 22. Bb2 {
Wit heeft hier nog 20' en ik nog 45'.} Bxd5 {Gedwongen.} 23. cxd5 Qe2 24. Qd4
f6 {Ik had hier het idee dat ik weliswaar slechter stond maar dat ik het met
taktische middelen misschien wel kon houden. Nu ik in alle rust kijk, blijkt
dat ik in het geheel niet slechter sta. Sterker nog ik mag hopen op winst als
wit niet nauwkeurig speelt. Helaas was mijn hoofd niet zo koel.} 25. d6 Kh8 $6
{Mijn kandidaatzetten waren hiet Td8, Lc5 en Pc6. Omdat de keus moeilijk is en
overal Dd5+ op volgt waarna de koning naar h8 moet, kwam ik op het lumineuze
idee dat ik kon beginnen met Kh8 zodat wit weer moest kiezen. Helaas had ik
hier een belangrijke kandidaatzet gemist zoals mijn tegenstander na de partij
aangaf.} (25... Rd8 26. d7 Bc5 27. Qd5+ Kh8 {lijkt houdbaar voor zwart.} (27...
Kf8 $2 28. Be5 $1 {(Fritz)})) ({De beste oplossing was} 25... Qc4 $1 {Deze zet
komt bij Fritz pas op de 5e plaats maar ik was na de partijanalyse met o.a.
Rini Kuijf en John van Baarle al overtuigd dat nu wit degene is die voor
remise moet vechten.} 26. d7 Rd8 ({In eerste instantie keken we hier naar} 
26... Qxd4 {maar toen ontdekten we} 27. Nxd4 Kf7 28. Ne6 $1) 27. Qe3 Bf8 $1 {
Wit heeft nu diverse zetten, maar het komt allemaal op hetzelfde neer, wit
gaat zijn d-pion verliezen, Bijv.} ({Sterker dan het voor de handliggende} 
27... Qf7 28. Qf4 Nc6 29. Qc7 Qe6 {waarna de kansen gelijk zijn.}) 28. Qe8 (28.
Ba3 Qa4 $1) 28... Nb7 {dreigt Dc6 met winst van de d-pion.} 29. Nd4 (29. Rc1
Qb5) 29... Qa4 $1 30. Qe6+ Kh8 {gevolgd door Pc5.}) 26. d7 Rd8 ({Iets minder is
} 26... Nc6 {maar ik dacht dat het helemaal niet kon wegens} 27. d8=Q Nxd8 28.
Qxd8 {zonder te zien dat ik nu op b2 kan slaan.}) 27. Ng5 {Ook niet gezien
natuurlijk toen ik tot Kh8 besloot.} Nc6 $4 {Ongelofelijk. Met nog 20' zet ik
snel en geef de partij weg.} ({Mijn tegenstander wees nog op een aardige
variant} 27... Be1 28. Nf7+ (28. Rc1 {wint.}) 28... Kg8 29. Nxd8 Bxf2+ 30. Qxf2
Qxd1+ 31. Qf1 Qxd7 {en het paard kan niet weg, maar na} 32. Bxf6 gxf6 33. Qxf6
{houdt zwart waarschijnlijk remise met bijv.} Nc4 34. Ne6 {Normaal wint dit
tenzij wit eeuwig schaak heeft.} Qd1+ 35. Kf2 Qc2+ $1 ({Verliezend is} 35...
Qd2+ 36. Kg3 Qe3+ 37. Kh4 Qe4+ 38. Kh3 $18) 36. Kf3 Qd3+ {enz.}) ({Ik kan niet
begrijpen waarom ik niet gekozen heb voor het doodnormale en voor de
handliggende} 27... Qe7 28. Nf7+ {waarschijnlijk is er geen betere paardzet.}
Qxf7 29. Qxb4 Nb7 30. Qa4 h6 {met remiseachtige stelling.}) 28. Nf7+ Kg8 29.
Qd5 {en ik gaf teleurgesteld op.} 1-0

[Event "Euwe intern (1)"]
[Site "?"]
[Date "2003.09.04"]
[Round "1"]
[White "Moll, A."]
[Black "Witt, R."]
[Result "1-0"]
[WhiteElo "2252"]
[BlackElo "2261"]
[Annotator "Moll,A"]
[PlyCount "93"]

1. e4 e6 2. d4 d5 3. Nc3 Bb4 ({In onze vorige ontmoeting speelde Rob} 3... Nf6
{en wit won na interessante verwikkelingen.}) 4. e5 Ne7 5. a3 Bxc3+ 6. bxc3 b6
{Deze zet is niet erg populair, aangezien wit diverse aantrekkelijke
voortzettingen tot zijn beschikking heeft.} 7. h4 $5 ({De beste zet is hier
waarschijnlijk} 7. Nh3) (7. Qg4) 7... Ba6 8. Bxa6 Nxa6 9. h5 h6 10. Qg4 Rg8 {
Zwart blijft de hele partij last houden van de slechte positie van deze toren,
maar na Pf5 kan wit proberen het paard te ruilen of te verdrijven, waarna g7
zwak is.} 11. Ne2 (11. Qe2 $5 {is wellicht een betere poging. Na de tekstzet
heeft wit objectief geen voordeel. Het prettige van de witte stelling zit hem
erin, dat het makkelijker speelt dan voor zwart.}) 11... Qd7 (11... Nb8 $5 {
was een alternatief dat we na afloop bekeken. Het idee is} 12. a4 Nbc6 {
en a5 is verhinderd.}) 12. a4 O-O-O 13. O-O $146 {Dit lijkt pas de eerste
nieuwe zet te zijn.} (13. Rh3 $5 Nc6 14. Rf3 {Neelov-Zaitsev, 1960} (14. Ba3 {
Lanka-Mueller, 1999})) 13... Nb8 $6 (13... Nc6 {verhindert a4-a5.}) 14. a5 $1
$14 Kb7 (14... b5 {is de suggestie van Fritz. Tsja, je moet het maar durven.})
15. Nf4 $6 (15. Qf3 $1 {ziet er sterk uit, wit kan met c4 werken.}) 15... Qc6
16. Qh3 (16. Qf3 {Op f3 valt de dame indirect f7 aan en dreigt eventueel c3-c4.
Ik wilde echter e6 onder schot houden.}) 16... Qc4 17. Ba3 Nec6 18. axb6 axb6
$6 {Een moeilijke keuze. Nu krijgt wit aanvalskansen.} ({Na} 18... cxb6 $14 {
heeft wit weliswaar een veld op d6, maar zwart heeft een vrije a-pion.}) 19.
Nd3 Kc8 (19... Na5 20. Qf3 Rd7 21. Rfb1 Kc8 {-zie de partij}) 20. Qf3 $1 Rd7
21. Nb2 Qb5 22. Rfb1 $16 Na5 23. Nd1 $5 (23. Bb4 Nc4 (23... Nbc6 24. Bxa5 Nxa5
25. c4 $1) 24. Nxc4 Qxc4 25. Bc5 (25. Ra8 Qc6 26. Rba1 $16) 25... Na6) 23...
Qc6 (23... Qc4 24. Bb4 $16) 24. Qd3 Nc4 (24... Qc4 25. Qh7 Rdd8 26. Be7 Rde8
27. Bb4 $16) 25. Bc1 $1 Rdd8 26. Ne3 $1 {Deze ruil is gunstig voor wit. Zwart
is niet op tijd om een blokkade op te zetten.} Nxe3 27. Bxe3 $16 Kd7 (27... Qc4
28. Qxc4 dxc4 29. Rb4 $18) 28. Rb4 {Wit gaat c4 doorzetten.} Ke7 29. Ra7 Nd7
30. c4 Ra8 31. cxd5 $2 (31. Qa3 $1 Rxa7 32. Ra4+ Kd8 33. Rxa7 $16 dxc4 34. Ra8+
$18) 31... exd5 32. Rxa8 Qxa8 $2 (32... Rxa8 33. c4 (33. Qh7 Qc3 34. Rb1 Ra1
35. Rxa1 Qxa1+ 36. Kh2 Qd1) 33... Qe6 $1) 33. Rb1 $1 Qa2 34. Rf1 $1 Qc4 35. Qh7
Kf8 36. Ra1 $1 Qc6 37. Bd2 Qb7 38. Ra3 $5 (38. Bxh6 gxh6 39. e6 fxe6 40. Qxd7
$18) 38... c5 39. e6 $2 (39. Bxh6 gxh6 40. e6 fxe6 41. Rf3+ $18) 39... Nf6 40.
Qf5 Ke7 $6 (40... Qc8 41. dxc5 bxc5 42. Bxh6 Qxe6 43. Ra8+ Ke7 44. Qxe6+ fxe6
45. Rxg8 Nxg8 46. Bxg7 $18) 41. exf7 Ra8 (41... Kxf7 42. Qg6+ $18 Ke7 43. Bxh6
gxh6 44. Re3+ $18) 42. Rg3 $1 (42. Re3+ Kf8) 42... Kxf7 43. Qg6+ (43. Bxh6)
43... Ke6 (43... Kf8 44. Bxh6) 44. Re3+ Kd6 45. Qg3+ $1 {De pointe.} Kc6 (45...
Kd7 46. Qxg7+) 46. Re6+ Kd7 (46... Kb5 47. Qb3+ Ka6 48. Qa4# {zou een fraai
slot geweest zijn.}) 47. Qxg7+ (47. Qd6+ Kc8 48. Qf8+ Kc7 49. Bf4+) 1-0

[Event "Euwe intern (1)"]
[Site "?"]
[Date "2003.09.04"]
[Round "1"]
[White "Moll, A."]
[Black "Witt, R."]
[Result "1-0"]
[WhiteElo "2252"]
[BlackElo "2266"]
[Annotator "Moll,A"]
[PlyCount "93"]

1. e4 e6 2. d4 d5 3. Nc3 Bb4 ({In onze vorige ontmoeting speelde Rob} 3... Nf6
{en wit won na interessante verwikkelingen.}) 4. e5 Ne7 5. a3 Bxc3+ 6. bxc3 b6
{Deze zet is niet erg populair, aangezien wit diverse aantrekkelijke
voortzettingen tot zijn beschikking heeft.} 7. h4 $5 ({De beste zet is hier
waarschijnlijk} 7. Nh3) (7. Qg4) 7... Ba6 8. Bxa6 Nxa6 9. h5 h6 10. Qg4 Rg8 {
Zwart blijft de hele partij last houden van de slechte positie van deze toren,
maar na Pf5 kan wit proberen het paard te ruilen of te verdrijven, waarna g7
zwak is.} 11. Ne2 (11. Qe2 $5 {is wellicht een betere poging. Na de tekstzet
heeft wit objectief geen voordeel.}) 11... Qd7 (11... Nb8 $5 {was een
alternatief dat we na afloop bekeken. Het idee is} 12. a4 Nbc6 {en a5 is
verhinderd.}) 12. a4 {Het prettige van de witte stelling zit hem erin, dat het
makkelijker speelt dan voor zwart.} O-O-O 13. O-O $146 {Dit lijkt pas de
eerste nieuwe zet te zijn.} (13. Rh3 $5 Nc6 14. Rf3 {Neelov-Zaitsev, 1960} (14.
Ba3 {Lanka-Mueller, 1999})) 13... Nb8 $6 (13... Nc6 {verhindert a4-a5.}) 14. a5
$1 $14 Kb7 (14... b5 {is de suggestie van Fritz. Tsja, je moet het maar durven.
}) 15. Nf4 $6 (15. Qf3 $1 {ziet er sterk uit, wit kan met c4 werken.}) 15...
Qc6 16. Qh3 (16. Qf3 {Op f3 valt de dame indirect f7 aan en dreigt eventueel
c3-c4. Ik wilde echter e6 onder schot houden.}) 16... Qc4 17. Ba3 Nec6 18. axb6
axb6 $6 {Een moeilijke keuze. Nu krijgt wit aanvalskansen.} ({Na} 18... cxb6
$14 {heeft wit weliswaar een veld op d6, maar zwart heeft een vrije a-pion.})
19. Nd3 Kc8 (19... Na5 20. Qf3 Rd7 21. Rfb1 Kc8 {-zie de partij}) 20. Qf3 $1
Rd7 21. Nb2 Qb5 22. Rfb1 $16 Na5 23. Nd1 (23. Bb4 Nc4 (23... Nbc6 24. Bxa5 Nxa5
25. c4 $1) 24. Nxc4 Qxc4 25. Bc5 (25. Ra8 Qc6 26. Rba1 $16) 25... Na6) 23...
Qc6 (23... Qc4 24. Bb4 $16) 24. Qd3 Nc4 (24... Qc4 25. Qh7 Rdd8 26. Be7 Rde8
27. Bb4 $16) 25. Bc1 $1 Rdd8 26. Ne3 $1 {Deze ruil is gunstig voor wit. Rob
begon nu lang na te denken, aangezien hij zich realiseerde dat zwart niet op
tijd is om een blokkade op te zetten.} Nxe3 27. Bxe3 Kd7 $5 {Zwart had weinig
constructieve zetten. Maar ook wegrennen met de koning heeft nadelen.} (27...
Qc4 $2 28. Qxc4 dxc4 29. Rb4 $18) 28. Rb4 {Wit gaat c4 doorzetten.} Ke7 29. Ra7
Nd7 30. c4 Ra8 31. cxd5 $2 {Een schoonheidsfoutje.} ({Na het sterke} 31. Qa3 $1
Rxa7 32. Ra4+ $1 Kd8 33. Rxa7 $16 {staat wit goddelijk, aangezien} dxc4 {
faalt op} 34. Ra8+ $18) 31... exd5 32. Rxa8 Qxa8 $2 (32... Rxa8 $1 {was
correct, het idee is dat zwart vaak h5 kan aanvallen.} 33. Rb1 $1 {
Waarschijnlijk de beste zet, analoog aan de partij.} (33. c4 Qe6 $1) (33. Qh7
Ra1+ (33... Qc3 34. Rb1 Ra1 35. Rxa1 Qxa1+ 36. Kh2 Qd1 37. Qxg7 Qxh5+ 38. Kg3)
34. Kh2 Qc3 35. Rb3 Qe1 36. Kg3 Qh1 37. Qf5 Rg1 38. Qf3 $13) 33... Qe6 34. Qh7
Qg4 35. f3 Qxh5 36. Qxg7 Ra2 37. Bxh6 Rxc2 38. Bg5+ Ke6 {en de zaak is niet
helemaal duidelijk.}) 33. Rb1 $1 {Een nuchtere en ijzersterke zet. Wit blijft
prima staan in verband met de verzwakte zwarte koningsstelling.} Qa2 34. Rf1 $1
Qc4 $6 (34... c5 35. Qh7 Kf8 36. f4 $16) 35. Qh7 {Nu staat wit op winst.} Kf8
36. Ra1 Qc6 37. Bd2 $6 (37. Ra7 $1 $18 {met het idee Ld2}) 37... Qb7 38. Ra3 $5
(38. Bxh6 gxh6 (38... Nxe5 39. Bg5 $18) 39. e6 fxe6 40. Qxd7 $18) 38... c5 39.
e6 $6 {Wit maakt het enigszins slordig af, hoewel het met Fritz aan het handje
altijd eenvoudiger is te vinden dan achter het bord.} (39. Bxh6 $1 gxh6 40. e6
fxe6 41. Rf3+ $18) (39. Rg3 $1 {Westera}) 39... Nf6 40. Qf5 Ke7 ({->} 40... Qc8
41. dxc5 bxc5 42. e7+ $1 (42. Bxh6 Qxe6 43. Ra8+ Ke7 44. Qxe6+ fxe6 45. Rxg8
Nxg8 46. Bxg7 {met een technisch gewonnen eindspel voor wit.}) 42... Kxe7 43.
Ra7+ Kd6 44. Bf4+ Kc6 45. Qe5 $1 $18) 41. exf7 Ra8 (41... Kxf7 42. Qg6+ $18 Ke7
43. Bxh6 gxh6 44. Re3+ Ne4 45. Qh7+ $18) 42. Rg3 $1 {De beslissing.} (42. Re3+
Kf8) 42... Kxf7 (42... Qc8 43. Qg6 Ra1+ 44. Kh2 Qf8 45. Re3+ Kd8 46. dxc5 bxc5
47. Bc3 $1) 43. Qg6+ {De overzichtelijkste. Nu zag ik de mogelijkheid van mat
op a4 (zie zet 46).} (43. Bxh6 {won ook.}) 43... Ke6 (43... Kf8 44. Bxh6) 44.
Re3+ Kd6 45. Qg3+ $1 {De pointe.} Kc6 (45... Kd7 46. Qxg7+) 46. Re6+ Kd7 (46...
Kb5 47. Qb3+ Ka6 48. Qa4# {zou een fraai slot geweest zijn.}) 47. Qxg7+ {
en Rob gaf het op.} 1-0